000
00291nam a2200097Ia 4500
005
20250424112857.0
008
250424s9999 xx 000 0 und d
300
_a
v. , 260 p. : ill. ; 26 cm.
650
_a
Money--Periodicals. Credit--Periodicals. Banks and banking--Periodicals
942
_c
SR
999
_c
37650
_d
37650